| 000 | 00459nam a22001817a 4500 | ||
|---|---|---|---|
| 005 | 20230111115617.0 | ||
| 008 | 221221b |||||||| |||| 00| 0 eng d | ||
| 020 | _a81-8061-6207 | ||
| 041 | _aeng | ||
| 082 | _a615.8 MIT-H | ||
| 100 |
_aMITRA , PUSHPAL KUMAR _97440 |
||
| 245 | _aHANDBOOK OF PRACTICLE ELECTROTHERAPY | ||
| 250 | _a1st ed. | ||
| 260 |
_aNEW DELHI _bJAYPEE BROTHERS _c2006 |
||
| 300 | _a151;P. | ||
| 650 |
_aBPT _96963 |
||
| 942 | _cBK | ||
| 999 |
_c8183 _d8181 |
||